Paroles _ Tom Bonbadilom de JACQUES HIGELIN - Statistiques

Statistiques générales
  • Ce quiz a été pris 10 fois
    6 depuis la dernière actualisation
  • Le résultat moyen est 275 sur 296
Statistiques - réponses
Hint Réponse % Correct
a
100%
à
100%
arc-
100%
bizarres"
100%
Bonbadilom
100%
brancher
100%
chapeau
100%
chaque
100%
cherche
100%
chez
100%
Chez
100%
ciel
100%
Comme
100%
courant
100%
dans
100%
de
100%
des
100%
d'homme
100%
diable
100%
dit
100%
drôle
100%
du
100%
en-
100%
en
100%
Enfanteront
100%
enfer
100%
est
100%
Et
100%
et
100%
fées
100%
feront
100%
font
100%
fous"
100%
fous
100%
fous !
100%
genoux
100%
gosses
100%
hommes
100%
"Il
100%
Ils
100%
jamais
100%
"Je
100%
je
100%
Jouera
100%
jour
100%
la
100%
l'appellent
100%
le
100%
Couplet 2 Le
100%
"Le
100%
les
100%
leur
100%
litres
100%
l'on
100%
loup
100%
luth
100%
lutins
100%
m'a
100%
M'a
100%
me
100%
m'en
100%
mes
100%
Moi
100%
mon
100%
n'en
100%
noir
100%
nomme
100%
Pont 1 | Pont 2 Oh
100%
parlant
100%
part
100%
Pauvre
100%
pauvre
100%
pauvres
100%
placard
100%
planète
100%
pluie
100%
poulet
100%
prise
100%
qu'à
100%
quartier
100%
que
100%
quelque
100%
qui
100%
Qui
100%
qu'on
100%
rêver
100%
rhum
100%
rouillé
100%
sauter
100%
sauteront
100%
se
100%
si
100%
S'ils
100%
soir
100%
soleil
100%
Son
100%
son
100%
sous
100%
sur
100%
ta
100%
Tant
100%
tes
100%
tête
100%
T'iras
100%
Tom
100%
Tom,
100%
Tous
100%
tout
100%
tout"
100%
trois
100%
trouve
100%
un
100%
Couplet 3 Un
100%
une
100%
"Venez-
100%
Venez-
100%
viendront
100%
vous"
100%
vous ?"
100%
Vous ?
100%
Couplet 1 Y'a
100%
asticots
50%
(Attention
50%
beau"
50%
beau
50%
bottes
50%
carosse
50%
ce-
50%
c'que
50%
crier
50%
croqué
50%
d'entendre
50%
elfes
50%
fait
50%
femme
50%
fera
50%
fini
50%
flammes
50%
j'm'en
50%
"Lâchez
50%
lui
50%
Mais
50%
marche)
50%
N'a
50%
pas
50%
passants
50%
"Pensez-
50%
qu'est-
50%
qu'est
50%
qu'il
50%
retourne
50%
ses
50%
sont
50%
tâtonnant
50%
t'avales
50%
Tenant
50%
ton
50%
trouées
50%
tuyau
50%
shillom
0%
Aucun quiz correspondant
Distribution des résultats
% des personnes avec chaque résultat
Percentile par nombre de réponses
Votre historique - résultats
Vous n’avez pas pris ce quiz depuis la dernière actualisation